Dissection of vertebrates: A laboratory manual (Record no. 395041)

MARC details
000 -LEADER
fixed length control field 00598 a2200229 4500
005 - DATE & TIME
control field 20260121110850.0
008 - FIXED-LENGTH DATA ELEMENTS--GENERAL INFORMATION
fixed length control field 260119b |||||||| |||| 00| 0 eng d
020 ## - ISBN
International Standard Book Number 9780124104600
Price $ 84.95
040 ## - CATALOGING SOURCE
Original cataloging agency VIVEKANANDA LIBRARY
082 ## - DDC NUMBER
Classification number 591.307
Book Number I5D(3)
100 ## - MAIN ENTRY--PERSONAL NAME
Personal name Iuliis, Gerardo De
245 ## - TITLE STATEMENT
Title Dissection of vertebrates: A laboratory manual
250 ## - EDITION STATEMENT
Edition statement 3rd
260 ## - PUBLICATION, DISTRIBUTION, ETC. (IMPRINT)
Name of publisher, distributor, etc Academic Press
Date of publication, distribution, etc 2019
Place of publication, distribution, etc London
300 ## - PHYSICAL DESCRIPTION
Pages xxi, 393
650 ## - Subject
Subject Zoology
650 ## - Subject
Subject Comparative Anatomy
650 ## - Subject
Subject Vertebrates
650 ## - Subject
Subject Laboratory Manuals
700 ## - Added Entry Personal Name
Added Entry Personal Name Pulera, Dino
942 ## - ADDED ENTRY ELEMENTS (KOHA)
Koha item type Books
Holdings
Withdrawn status Lost status Source of classification or shelving scheme Damaged status Not for loan Location (home branch) Sublocation or collection (holding branch) Shelving location Date acquired Koha issues (times borrowed) Koha full call number Accession No. Koha date last seen Koha item type
    Dewey Decimal Classification     VIVEKANANDA LIBRARY VIVEKANANDA LIBRARY Vivekananda Library 06/01/2026   591.307 I5D(3) 444171 06/01/2026 Books
© Designed and Maintained by Vivekananda Library, MDU Rohtak